Sociální vývoj Československa 1918-1983

Saved in:
Bibliographic Details
Main Author: Deyl, Zdeněk
Format: Book
Language:Czech
Published: Praha Academia 1985
Edition:1. vyd.
Tags: Add Tag
No Tags, Be the first to tag this record!

MARC

LEADER 00000nam a2200000 4500
001 c028421
005 20221220082325.6
041 0 |a cze 
044 |a CZ 
245 1 0 |a Sociální vývoj Československa 1918-1983  |c Zdeněk Deyl 
250 |a 1. vyd. 
264 1 |a Praha  |b Academia  |c 1985 
300 |a 221 s. 
100 1 |a Deyl, Zdeněk